000 00702nam a2200253Ia 4500
003 OSt
005 20221006160130.0
006 a|||||r|||| 00| 0
007 ta
008 221006b |||||||| |||| 00| 0 kor d
020 _a9781565914049
_cW12,000
024 _a44,390
037 _bGift, KCC (Window on Korea)
_cTextual
040 _aEASL
_cEASL
_bkor
041 _2kor
_akor
082 _aP495,4:4k, Q2
245 0 _a`Korean phrase book for travelers
260 _aSeoul
_bHollym
_c2012
300 _a400p.
_ccm.
650 _a KL
650 _aKorean dictionary
_9672035
942 _hP495,4:4k, Q2
_cTEXL
_2CC
999 _c1112482
_d1112482